000 00593nam a2200229Ia 4500
005 20250425162711.0
008 250425s9999 xx 000 0 und d
020 _a0803971451
041 _aeng
082 _a070.5
100 _aCUMMINGS, STEVE
245 0 _aPUBLISHING IN THE ORGANIZATIONAL SCIENCIES
250 _a2 ED.
260 _aEstados Unidos
_bFOUNDATIONS FOR ORGANIZATIONAL SCIENCE
_c1995
260 _aS.L.
300 _a330
650 _aINVESTIGACION
650 _aMETODOLOGIA
710 _aFOUNDATIONS FOR ORGANIZATIONAL SCIENCE
942 _c01
010 _a97566
999 _c234663
_d234663